[Event "Heusenstamm Schloss op"]
[Site "Heusenstamm"]
[Date "2023.11.26"]
[Round "6"]
[White "Klein, Deniz"]
[Black "Jansen, Malte"]
[Result "1-0"]
[WhiteElo "1565"]
[BlackElo "1685"]
[PlyCount "45"]
[EventDate "2023.11.23"]
[EventType "swiss"]
[EventRounds "7"]
[EventCountry "GER"]
[SourceTitle "CB48_2023"]
[SourceDate "2023.11.29"]
[SourceVersion "1"]
[SourceVersionDate "2023.11.29"]
[SourceQuality "1"]

1. c4 Nf6 2. g3 e5 3. Bg2 g6 4. Nc3 Bg7 5. Nf3 d6 6. 0-0 Nc6 7. d3 0-0 8. Rb1 Be6 9. b4 Qc8 10. Re1 e4 11. Ng5 exd3 12. exd3 Bf5 13. Nge4 Rb8 14. Nxf6+ Bxf6 15. Nd5 Qd8 16. Nxf6+ Qxf6 17. Bb2 Qd8 18. g4 Be6 19. b5 Ne7 20. Bf6 h6 21. Qd2 Kh7 22. d4 Re8 23. Qe3 1-0

[Event "Heusenstamm Schloss op"]
[Site "Heusenstamm"]
[Date "2023.11.25"]
[Round "4"]
[White "Stehning, Toni"]
[Black "Jansen, Malte"]
[Result "0-1"]
[WhiteElo "1666"]
[BlackElo "1685"]
[PlyCount "57"]
[EventDate "2023.11.23"]
[EventType "swiss"]
[EventRounds "7"]
[EventCountry "GER"]
[SourceTitle "CB50_2023"]
[SourceDate "2023.12.13"]
[SourceVersion "1"]
[SourceVersionDate "2023.12.13"]
[SourceQuality "1"]

1. e4 e5 2. Bc4 Nf6 3. d4 exd4 4. Nf3 Bc5 5. 0-0 0-0 6. e5 d5 7. exf6 dxc4 8. fxg7 Re8 9. Ng5 Qf6 10. Nxh7 Qxg7 11. Qh5 Re5 12. Ng5 Nd7 13. f4 Nf6 14. Qxf7+ Qxf7 15. Nxf7 Re2 16. Ne5 Ne4 17. b4 cxb3 18. Nd3 bxc2 19. Nd2 Nxd2 20. Bxd2 Rxd2 21. Nxc5 Bg4 22. Nb3 Rd1 23. Nc1 d3 24. h3 Be2 25. Nxe2 dxe2 26. Re1 Rxa1 27. Rxa1 Rd8 28. Kf2 Rd1 29. Rxd1 0-1

[Event "Heusenstamm Schloss op"]
[Site "Heusenstamm"]
[Date "2023.11.23"]
[Round "1"]
[White "Jansen, Malte"]
[Black "Kutzner, Stephen"]
[Result "0-1"]
[WhiteElo "1685"]
[BlackElo "2039"]
[PlyCount "74"]
[EventDate "2023.11.23"]
[EventType "swiss"]
[EventRounds "7"]
[EventCountry "GER"]
[SourceTitle "CB48_2023"]
[SourceDate "2023.11.29"]
[SourceVersion "1"]
[SourceVersionDate "2023.11.29"]
[SourceQuality "1"]

1. e4 c5 2. Nf3 Nc6 3. d4 cxd4 4. Nxd4 Nf6 5. Nc3 e5 6. Ndb5 d6 7. Be2 a6 8. Na3 b5 9. Nd5 Nxe4 10. Bf3 f5 11. Be3 Rb8 12. 0-0 Be6 13. Bxe4 fxe4 14. f3 Ne7 15. fxe4 Bxd5 16. exd5 Ng6 17. Qf3 Rb7 18. c4 b4 19. c5 bxa3 20. c6 Re7 21. Bg5 Qb6+ 22. Kh1 axb2 23. Bxe7 Bxe7 24. Qg4 Nf4 25. Rab1 0-0 26. Qd7 Qd8 27. Rxb2 Qxd7 28. cxd7 Rd8 29. Rd1 Rxd7 30. g3 Nh5 31. Rb6 a5 32. Ra6 Bd8 33. Kg2 Kf7 34. Kf3 Ke7 35. Ke3 Nf6 36. a4 Rc7 37. Rc6 Nxd5+ 0-1

[Event "GER-ch U25-B"]
[Site "Willingen"]
[Date "2023.06.01"]
[Round "7"]
[White "Schirmer, Sara"]
[Black "Jansen, Malte"]
[Result "0-1"]
[WhiteElo "1406"]
[BlackElo "1503"]
[PlyCount "104"]
[EventDate "2023.05.27"]
[EventType "swiss"]
[EventRounds "9"]
[EventCountry "GER"]
[SourceTitle "CBM 214 Extra"]
[Source "ChessBase"]
[SourceDate "2023.07.31"]
[SourceVersion "1"]
[SourceVersionDate "2023.07.31"]
[SourceQuality "1"]

1. e4 d5 2. exd5 Nf6 3. Nf3 Nxd5 4. d4 Bf5 5. c3 e6 6. Bc4 c5 7. Qa4+ Nc6 8. Bb5 Qc7 9. Nbd2 Nb6 10. Bxc6+ bxc6 11. Qd1 Bd6 12. dxc5 Bxc5 13. 0-0 0-0 14. Nb3 Rfd8 15. Qe2 Bd3 16. Qe1 Bd6 17. Bg5 Rd7 18. Kh1 Bxf1 19. Qxf1 f6 20. Be3 c5 21. Qe2 Rad8 22. Re1 e5 23. h3 Kh8 24. Nh4 Nd5 25. Bc1 Ne7 26. Qg4 Qc6 27. Na5 Qa6 28. Nc4 Qxa2 29. Ne3 Qf7 30. Nef5 Nxf5 31. Nxf5 Bf8 32. Be3 Qg6 33. Kh2 Qxg4 34. hxg4 g6 35. Ng3 Kg7 36. Ne4 a5 37. Ra1 Ra8 38. Nd2 a4 39. Nc4 Ra6 40. Rxa4 Rxa4 41. Nb6 Raa7 42. Nxd7 Rxd7 43. Kg3 Rb7 44. Bc1 f5 45. gxf5 gxf5 46. Kh4 Kf6 47. g3 c4 48. f4 e4 49. Kh3 Bc5 50. Kg2 Kg6 51. Kf1 Kh5 52. Kg2 Kg4 0-1

[Event "GER-ch U25-B"]
[Site "Willingen"]
[Date "2023.05.29"]
[Round "3"]
[White "Jacoby, Angelina"]
[Black "Jansen, Malte"]
[Result "1/2-1/2"]
[WhiteElo "1583"]
[BlackElo "1503"]
[PlyCount "60"]
[EventDate "2023.05.27"]
[EventType "swiss"]
[EventRounds "9"]
[EventCountry "GER"]
[SourceTitle "CBM 214 Extra"]
[Source "ChessBase"]
[SourceDate "2023.07.31"]
[SourceVersion "1"]
[SourceVersionDate "2023.07.31"]
[SourceQuality "1"]

1. d4 d5 2. Bf4 c5 3. e3 cxd4 4. exd4 Nc6 5. c3 Nf6 6. Nf3 Bf5 7. h3 e6 8. Nbd2 Bd6 9. Bxd6 Qxd6 10. Be2 0-0 11. 0-0 h6 12. Re1 a6 13. Nb3 b5 14. a3 Nd7 15. Nc1 Na5 16. Bd3 Bxd3 17. Nxd3 Nc4 18. Qe2 Rfe8 19. Nfe5 Ndxe5 20. Nxe5 Nxe5 21. Qxe5 Qxe5 22. Rxe5 Ra7 23. f4 f5 24. Rae1 Kf7 25. g4 g6 26. Kf2 Rae7 27. Kf3 Kf6 28. h4 fxg4+ 29. Kxg4 h5+ 30. Kf3 Rb8 1/2-1/2

[Event "Heusenstamm Sparkassen op-B 7th"]
[Site "Heusenstamm"]
[Date "2021.11.19"]
[Round "2.56"]
[White "Jansen, Malte"]
[Black "Deboer, Martin"]
[Result "1-0"]
[WhiteElo "1427"]
[BlackElo "763"]
[PlyCount "107"]
[EventDate "2021.11.18"]
[EventType "swiss"]
[EventRounds "7"]
[EventCountry "GER"]
[SourceTitle "EXT 2023"]
[Source "ChessBase"]
[SourceDate "2022.10.05"]
[SourceVersion "1"]
[SourceVersionDate "2022.10.05"]
[SourceQuality "1"]

1. e4 c5 2. Nf3 Nc6 3. Bc4 e5 4. c3 Nf6 5. d3 d6 6. Bg5 h6 7. Bh4 Be7 8. Nbd2 Be6 9. Bb3 d5 10. 0-0 d4 11. Rc1 Nd7 12. Bg3 Bg5 13. Rc2 Qa5 14. Bxe6 fxe6 15. Nxg5 hxg5 16. a3 0-0-0 17. Nc4 Qc7 18. Qg4 Na5 19. Nxe5 Nxe5 20. Qxe6+ Rd7 21. Bxe5 Qc6 22. Qxc6+ Nxc6 23. cxd4 cxd4 24. Rfc1 Rh6 25. b4 Kd8 26. Bg3 Ne7 27. f4 Rc6 28. Rxc6 bxc6 29. fxg5 Ke8 30. Kf2 a6 31. Rc5 Kf7 32. Kf3 Kg6 33. Kg4 Rd8 34. Bf2 Rf8 35. Bxd4 Rf1 36. h4 Rd1 37. h5+ Kh7 38. Rc3 g6 39. h6 Rf1 40. Bf6 Ng8 41. Rxc6 Nxf6+ 42. Rxf6 Rg1 43. d4 Rxg2+ 44. Kf4 Rf2+ 45. Ke5 Rg2 46. Rf7+ Kh8 47. d5 Rxg5+ 48. Kd4 Rh5 49. h7 g5 50. d6 Rh6 51. Ke5 g4 52. d7 Rh5+ 53. Kd4 Rh1 54. d8Q# 1-0

[Event "Heusenstamm Sparkassen op-B 6th"]
[Site "Heusenstamm"]
[Date "2019.11.24"]
[Round "7"]
[White "Jansen, Malte"]
[Black "Follert, Christian"]
[Result "0-1"]
[WhiteElo "790"]
[BlackElo "1392"]
[PlyCount "64"]
[EventDate "2019.11.21"]
[EventType "swiss"]
[EventRounds "7"]
[EventCountry "GER"]
[SourceTitle "CBM 194 Extra"]
[Source "ChessBase"]
[SourceDate "2020.03.31"]
[SourceVersion "1"]
[SourceVersionDate "2020.03.31"]
[SourceQuality "1"]

1. e4 c5 2. Nf3 Nc6 3. Bc4 e6 4. c3 d5 5. exd5 exd5 6. Be2 Be7 7. d3 Nf6 8. Bg5 0-0 9. 0-0 h6 10. Bh4 b6 11. Nbd2 Bd7 12. Re1 Re8 13. d4 cxd4 14. cxd4 Ne4 15. Bxe7 Rxe7 16. Bd3 Nxd2 17. Qxd2 Be6 18. Rac1 Qd6 19. Ba6 Nb4 20. Bb5 a6 21. a3 axb5 22. axb4 Ra4 23. Ne5 Bd7 24. Nd3 Rxe1+ 25. Qxe1 Bf5 26. Qe8+ Kh7 27. Qxb5 Ra2 28. g3 Qg6 29. Nf4 Qg4 30. Qxd5 Rxb2 31. Qxf7 Be4 32. Rf1 Qf3 0-1

[Event "Heusenstamm Sparkassen op-B 6th"]
[Site "Heusenstamm"]
[Date "2019.11.23"]
[Round "5"]
[White "Jansen, Malte"]
[Black "Dehmel, Manfred"]
[Result "0-1"]
[WhiteElo "790"]
[BlackElo "1545"]
[PlyCount "78"]
[EventDate "2019.11.21"]
[EventType "swiss"]
[EventRounds "7"]
[EventCountry "GER"]
[SourceTitle "CBM 194 Extra"]
[Source "ChessBase"]
[SourceDate "2020.03.31"]
[SourceVersion "1"]
[SourceVersionDate "2020.03.31"]
[SourceQuality "1"]

1. e4 c5 2. Nf3 d6 3. Bc4 h6 4. c3 Nc6 5. d3 e5 6. 0-0 Nf6 7. Be3 a6 8. a4 Na5 9. Ba2 Bd7 10. Nbd2 Be7 11. b4 cxb4 12. cxb4 Nc6 13. b5 axb5 14. axb5 Nb4 15. Qb3 Nxa2 16. Rxa2 Rxa2 17. Qxa2 Bxb5 18. Qb3 Bc6 19. Nc4 0-0 20. Rc1 Nh7 21. Bb6 Qd7 22. h4 g5 23. h5 Nf6 24. Ne3 Nxh5 25. Nf5 Qe6 26. Qd1 Ng7 27. g4 Nxf5 28. gxf5 Qf6 29. Nh2 Qh8 30. Qh5 f6 31. Ng4 Be8 32. Qh3 h5 33. Ne3 Bc6 34. f3 Ra8 35. Bc7 Ra3 36. Rd1 Rc3 37. Qh1 h4 38. Nc4 Qh5 39. Rd2 Rc1+ 0-1

[Event "Heusenstamm Sparkassen op-B 6th"]
[Site "Heusenstamm"]
[Date "2019.11.21"]
[Round "1"]
[White "Jansen, Malte"]
[Black "Woehl, Torsten"]
[Result "1-0"]
[WhiteElo "790"]
[BlackElo "1522"]
[PlyCount "65"]
[EventDate "2019.11.21"]
[EventType "swiss"]
[EventRounds "7"]
[EventCountry "GER"]
[SourceTitle "CBM 194 Extra"]
[Source "ChessBase"]
[SourceDate "2020.03.31"]
[SourceVersion "1"]
[SourceVersionDate "2020.03.31"]
[SourceQuality "1"]

1. e4 e6 2. Nf3 d5 3. Nc3 Nf6 4. e5 Nfd7 5. Bb5 c6 6. Ba4 Nc5 7. d4 Nxa4 8. Nxa4 Nd7 9. Bf4 Qa5+ 10. Nc3 Bb4 11. Bd2 0-0 12. 0-0 f6 13. a3 Be7 14. Re1 a6 15. Qe2 Qc7 16. Bf4 f5 17. Rad1 Rf7 18. Ng5 Bxg5 19. Bxg5 Nf8 20. f4 Ng6 21. Rd3 h6 22. Qh5 hxg5 23. Qxg6 g4 24. Ne2 Bd7 25. h3 Be8 26. Qxe6 Kf8 27. Qg6 c5 28. hxg4 fxg4 29. Rg3 cxd4 30. Nxd4 Rxf4 31. Ne6+ Kg8 32. Qxe8+ Rxe8 33. Nxc7 1-0